|
|
|
|
| LEADER |
00000nam0a2200000 4500 |
| 001 |
240987 |
| 005 |
20231101231800.0 |
| 010 |
|
|
|a 9785160036694
|
| 035 |
|
|
|a (RuTPU)RU\TPU\book\262252
|
| 090 |
|
|
|a 240987
|
| 100 |
|
|
|a 20130701d2013 k y0rusy50 ca
|
| 101 |
0 |
|
|a rus
|
| 102 |
|
|
|a RU
|
| 105 |
|
|
|a y z 000zy
|
| 200 |
1 |
|
|a Государственно-частное партнерство в научно-инновационной сфере
|f под ред. А. К. Казанцева, Д. А. Рубвальтера
|
| 210 |
|
|
|a Москва
|c Инфра-М
|d 2013
|
| 215 |
|
|
|a 330 с.
|
| 225 |
1 |
|
|a Научная мысль
|
| 225 |
1 |
|
|a Менеджмент
|
| 330 |
|
|
|a В книге рассматриваются обшие характеристики государственно-частного партнерства в научно-технической и инновационной сфере, формы ее организации, характеристики внешней среды. Приводится уже накопленный опыт стран ОЭСР в данной области, и прежде всего США, касающийся современного законодательства в кооперативном и контрактном праве. Излагаются основные направления формирования базы для развития современных форм партнерства в России, соответствующих международным стандартам. Для студентов, аспирантов и преподавателей экономических вузов и всех, кто интересуется экономической теорией.
|
| 606 |
1 |
|
|a Инновационная экономика
|2 stltpush
|3 (RuTPU)RU\TPU\subj\67863
|9 83511
|
| 610 |
1 |
|
|a научная сфера
|
| 610 |
1 |
|
|a инновации
|
| 610 |
1 |
|
|a инновационная деятельность
|
| 610 |
1 |
|
|a инновационная политика
|
| 610 |
1 |
|
|a инновационная среда
|
| 610 |
1 |
|
|a государственно-частное партнерство
|
| 610 |
1 |
|
|a инновационное развитие
|
| 610 |
1 |
|
|a стимулирование
|
| 610 |
1 |
|
|a государственные программы
|
| 610 |
1 |
|
|a передовые технологии
|
| 610 |
1 |
|
|a зарубежный опыт
|
| 610 |
1 |
|
|a Австралия
|
| 610 |
1 |
|
|a Австрия
|
| 610 |
1 |
|
|a США
|
| 610 |
1 |
|
|a Голландия
|
| 610 |
1 |
|
|a Франция
|
| 610 |
1 |
|
|a партнерство
|
| 610 |
1 |
|
|a государственный сектор
|
| 610 |
1 |
|
|a частный сектор
|
| 610 |
1 |
|
|a инновационные проекты
|
| 610 |
1 |
|
|a контрактные формы
|
| 610 |
1 |
|
|a нормативно-правовое обеспечение
|
| 610 |
1 |
|
|a государственные контракты
|
| 610 |
1 |
|
|a государственный заказ
|
| 610 |
1 |
|
|a госзакупки
|
| 686 |
|
|
|a У9(2)0-551
|v LBC/SL-A
|2 rubbk
|
| 702 |
|
1 |
|a Казанцев
|b А. К.
|4 340
|
| 702 |
|
1 |
|a Рубвальтер
|b Д. А.
|4 340
|
| 801 |
|
1 |
|a RU
|b 63413507
|c 20130701
|
| 801 |
|
2 |
|a RU
|b 63413507
|c 20150619
|g RCR
|
| 942 |
|
|
|c BK
|
| 959 |
|
|
|a 105/20130701
|d 2
|e 299,90
|f ЧЗГЛ:1
|f АНЛ:1
|